Fundamental Of Human Resource Management, (Record no. 5181)
[ view plain ]
| 005 - DATE AND TIME OF LATEST TRANSACTION | |
|---|---|
| control field | 20250626060710.0 |
| 020 ## - INTERNATIONAL STANDARD BOOK NUMBER | |
| International Standard Book Number | 0-07-293425-5 |
| 082 ## - DEWEY DECIMAL CLASSIFICATION NUMBER | |
| Classification number | 658.3 FUN |
| 100 ## - MAIN ENTRY--PERSONAL NAME | |
| Author name | NOE, R. A. |
| 245 ## - TITLE STATEMENT | |
| Title | Fundamental Of Human Resource Management, |
| 250 ## - EDITION STATEMENT | |
| Edition statement | 2nd Ed. |
| 260 ## - PUBLICATION, DISTRIBUTION, ETC. | |
| Place of publication, distribution, etc. | New York, |
| Name of publisher, distributor, etc. | McGraw-Hill Irwin, |
| Date of publication, distribution, etc. | 2007. |
| 300 ## - PHYSICAL DESCRIPTION | |
| Extent | xxix.; 584p.; ill.; figure.; picture, |
| Other physical details | Glossary & Index, |
| Dimensions | 26cm. |
| 700 ## - ADDED ENTRY--PERSONAL NAME | |
| Other authors/Editors | HELLENBECK, J. L, GERHART, B, & WRIGHT, P. M. |
| 942 ## - ADDED ENTRY ELEMENTS (KOHA) | |
| Source of classification or shelving scheme | Dewey Decimal Classification |
| Koha item type | Books |
| Date last seen | Total checkouts | Full call number | Barcode | Cost, replacement price | Price effective from | Koha item type | Lost status | Source of classification or shelving scheme | Damaged status | Not for loan | Withdrawn status | Home library | Current library | Shelving location | Date acquired | Cost, normal purchase price |
|---|---|---|---|---|---|---|---|---|---|---|---|---|---|---|---|---|
| 06/26/2025 | 658.3FUN | DOM0001654 | 105000.00 | 06/26/2025 | Books | Dewey Decimal Classification | CBE Dodoma | CBE Dodoma | General Collection | 06/12/2009 | 35000.00 |
